Statistics for Born in Oakland/California

Click here to take the quiz!

General Stats

  • This quiz has been taken 19 times
    (7 since last reset)
  • The average score is 8 of 27

Answer Stats

HintAnswer% Correct
Actor, known for his role as Luke Skywalker in "Star Wars"1951Mark Hamill
100%
Rapper, "U Can't Touch This" "2 Legit 2 Quit"1962MC Hammer
100%
Lead vocalist of Green Day1972Billie Joe Armstrong
83%
Vice President since 2021 and first female vice president in U.S. history1964Kamala Harris
83%
Actor, martial artist and son of a film star, he was fatally wounded by a prop gun on set in 19931965Brandon Lee
67%
Actress and singer, "Euphoria" "Spider-Man" "Dune" "The Greatest Showman"1996Zendaya
50%
Author, "The Joy Luck Club"1952Amy Tan
33%
Point guard who plays for the Portland Trail Blazers1990Damian Lillard
33%
Hall of Fame point guard who played most of his career for the Seattle SuperSonics1968Gary Payton
33%
Rapper, "Me, Myself & I" "Him & I" "Good Life"1988G-Eazy
33%
Former running back who played for the Seahawks, Raiders and Bills, nicknamed "Beast Mode"1986Marshawn Lynch
33%
Director, "No Time to Die" "Beasts of No Nation" "Maniac"1977Cary Joji Fukunaga
17%
Actress and comedian, known for her role as Gina Linetti in "Brooklyn Nine-Nine"1978Chelsea Peretti
17%
Actor, rapper and singer, "Hamilton" "Wonder" "Snowpiercer" (TV series)1982Daveed Diggs
17%
Founder and leader of the Children of God/The Family, he has been accused of child sexual abuse1919David Berg
17%
Civil rights activist who resisted the internment of Japanese Americans during World War II1919Fred Korematsu
17%
Director, "The Diary of Anne Frank" "The More the Merrier" "Giant"1904George Stevens
17%
Former shortstop who played most of his career for the Philadelphia Phillies and was awarded the NL MVP Award in 20071978Jimmy Rollins
17%
Hall of Fame small forward who played most of his career for the Boston Celtics1977Paul Pierce
17%
Director, "Black Panther" "Fruitvale Station" "Creed"1986Ryan Coogler
17%
Actor, known for his role as Derek Morgan in "Criminal Minds"1970Shemar Moore
17%
Supermodel during the late 1980s and early 1990s1969Christy Turlington
0%
Hall of Fame pitcher who played for the Oakland Athletics, Boston Red Sox and Cleveland Indians, he was awarded the AL MVP award in 19921954Dennis Eckersley
0%
Actress, known for her roles as Penny Mosby in "How I Met Your Mother" and Dylan Mayfair in "Desperate Housewives"1987Lyndsy Fonseca
0%
Actor, "Moonlight" "Green Book" "Alita: Battle Angel" "House of Cards"1974Mahershala Ali
0%
Cornerback who plays for the Baltimore Ravens1993Marcus Peters
0%
Actor, "Prison Break" "9-1-1" "The Mentalist" "Sons of Anarchy"1973Rockmond Dunbar
0%

Score Distribution

Percentile by Number Answered

Percent of People with Each Score

Your Score History

You have not taken this quiz since the last reset